000 00501nam a2200169Ia 4500
008 240729s9999 xx 000 0 und d
022 _a2090-1313
245 0 _aCritical Care Research and Practice
260 _aUnited Kingdom
260 _bHindawi Limited
650 _a Internal medicine
650 _a Medical emergencies. Critical care. Intensive care. First aid
650 _aMedicine
856 _uhttps://doaj.org/toc/e85fd8639e9d42c3bf8340de0b232e8a
942 _2ddc
942 _cDOAJEJ
999 _c71581
_d71581
945 _a1
_bMadushi Gamage
_c1
_dMadushi Gamage